000 00530nam a22002177a 4500
003 UA-OsUOA
001 123493
007 ta
008 20170619b un ||||| |||| 00| 0 ukr d
100 _aБогданова О.
090 _a02
_bБ73
942 _cSA
040 _aUA-OsUOA
_bukr
_cUA-OsUOA
_dUA-OsUOA
245 _aЦифрові технології і читання
300 _aС.16-18
955 _a0
041 _aukr
080 _a02
773 0 _w123490
650 7 _a02 Бібліотечна справа
_2UDC
999 _c410556
_d410556